000 01029nam a2200229Ii 4500
003 JO-AjNU
008 230605s9999||||xx |||||||||||||| ||und||
017 _a2009/4/1246
020 _a9957-16-511-6
040 _aJO-AjNU
_bara
_erda
_cJO-AjNU
041 _aara
050 1 4 _aKMM166.3.S5882.2010
100 3 _aشوشاري ، صلاح الدين محمد,
_eauthor
_912154
245 0 0 _aشرح قانون أصول المحاكمات المدنية : النظام القضائي ،نظرية الدعوى ، الاختصاص القضائي ، إجراءات التقاضي ، الأحكام القضائية وطرق الطعن فيها
250 _aط1
264 3 1 _aعمان : دار الثقافة ، 2010
300 _a464ص
_bيشتمل على مراجع ببلوغرافية ص (461 -464 )
336 _atext
_btxt
_2rdacontent
337 _aunmediated
_bn
_2rdamedia
338 _avolume
_bnc
_2rdacarrier
650 4 _aالقانون المدني -- أصول المحاكمات المدنية -- الأردن
_912155
999 _aA2694
_c6262
_d6262